[Event "II Weekend Val Bisagno"]
[Site "Genova ITA"]
[Date "2001.11.??"]
[Round "6"]
[White "Sordini, Giuseppe"]
[Black "Abbondanza, Christian"]
[Result "1/2-1/2"]
[WhiteElo "1555"]
[BlackElo "1374"]
[PlyCount "110"]
[EventDate "2001.11.03"]

1. e4 c5 2. Nf3 Nc6 3. d4 cxd4 4. Nxd4 e6 5. Be3 Nf6 6. Bd3 d6 7. Nd2 Be7 8.
N2f3 O-O 9. c3 a6 10. Nxc6 bxc6 11. e5 dxe5 12. Nxe5 Qc7 13. Ng4 Nxg4 14. Qxg4
f5 15. Qh3 a5 16. O-O Ba6 17. Bxa6 Rxa6 18. Rfd1 Raa8 19. Rd2 Rad8 20. Rad1 c5
21. f3 Rxd2 22. Rxd2 Rd8 23. f4 Rxd2 24. Bxd2 Qb7 25. b3 Qe4 26. Qe3 Qxe3+ 27.
Bxe3 Kf7 28. Kf2 Ke8 29. Ke2 Kd7 30. Kd3 Kc6 31. Kc4 Bd6 32. g3 g6 33. a3 h5
34. b4 cxb4 35. cxb4 axb4 36. axb4 Be7 37. b5+ Kb7 38. Bc5 Bd8 39. Kd4 Bf6+ 40.
Kc4 Bd8 41. Kb4 Bc7 42. Kc4 Bd8 43. Bd4 h4 44. Kc5 Be7+ 45. Kc4 hxg3 46. hxg3
Bd8 47. Bc5 Ba5 48. Kd4 Be1 49. Ke5 Bxg3 50. Kxe6 Bxf4 51. Kf6 g5 52. Kxf5 Bc7
53. Kxg5 Bb6 54. Bb4 Be3+ 55. Kg4 Kb6 1/2-1/2

[Event "Weekend DLF"]
[Site "Firenze ITA"]
[Date "2001.11.??"]
[Round "?"]
[White "Nelli, Carlo"]
[Black "Casarosa, Michele"]
[Result "0-1"]
[WhiteElo "1707"]
[BlackElo "1822"]
[PlyCount "50"]
[EventDate "2001.11.10"]

1. e4 c5 2. Nf3 Nc6 3. Bb5 g6 4. Bxc6 bxc6 5. O-O Bg7 6. e5 f6 7. Re1 fxe5 8.
Nxe5 Nf6 9. Qe2 O-O 10. Qc4+ d5 11. Qxc5 Ne4 12. Rxe4 dxe4 13. Nxc6 Qd7 14.
Nxe7+ Kh8 15. Nd5 Bb7 16. Nbc3 Rac8 17. Qxa7 Rxc3 18. Nxc3 Bd4 19. Qa4 Bc6 20.
Qc4 Rxf2 21. Kh1 Rxg2 22. Kxg2 Qg4+ 23. Kf1 Qf3+ 24. Ke1 Bf2+ 25. Kf1 Bg3+ 0-1

[Event "IV Weekend"]
[Site "Porto Sant'Elpidio ITA"]
[Date "2001.11.01"]
[Round "1"]
[White "Baleani, Emanuele"]
[Black "Di Donatantonio, Franco"]
[Result "0-1"]
[WhiteElo "1572"]
[BlackElo "1789"]
[PlyCount "78"]
[EventDate "2001.11.01"]

1.e4 c5 2.Nf3 e6 3.d4 cxd4 4.Nxd4 Nc6 5.Nc3 Qc7 6.Be3 Nf6 7.Be2 a6 8.O-O 
Be7 9.f4 d6 10.Kh1 Bd7 11.Qd2 O-O 12.Rad1 Rac8 13.a3 Na5 14.e5 dxe5 15.
fxe5 Qxe5 16.Nf3 Qc7 17.Bd4 Rfd8 18.Ne5 Nc6 19.Nxc6 Bxc6 20.Qg5 Ne8 21.Qh5
g6 22.Qh3 Bf8 23.Bd3 Rxd4 24.Bxg6 hxg6 25.Rxd4 Bg7 26.Rdf4 Nd6 27.Ne2 Nf5 
28.Ng3 Qe5 29.Nxf5 exf5 30.Qh4 Re8 31.Qg5 Qxb2 32.h4 Qf6 33.Qg3 Bh6 34.
R4f2 Re3 35.Rxf5 Rxg3 36.Rxf6 Rg4 37.Kh2 Rxg2+ 38.Kh3 Rxc2 39.h5 Bg2+ 0-1

[Event "IV Weekend"]
[Site "Porto Sant'Elpidio ITA"]
[Date "2001.11.01"]
[Round "1"]
[White "Cecannecchia, Gianluca"]
[Black "Bastarelli, Giuseppe"]
[Result "0-1"]
[WhiteElo "1576"]
[BlackElo "1914"]
[PlyCount "107"]
[EventDate "2001.11.01"]

1.e4 e6 2.d4 d5 3.Nc3 Nf6 4.Bg5 dxe4 5.Nxe4 Be7 6.Nxf6+ Bxf6 7.Bxf6 Qxf6 
8.Nf3 Nd7 9.Be2 O-O 10.O-O c5 11.c3 b6 12.Qc2 Bb7 13.Rad1 Rfd8 14.Rd2 Rac8
15.Rfd1 Qe7 16.dxc5 Nxc5 17.Rxd8+ Rxd8 18.Rxd8+ Qxd8 19.Qd2 Qxd2 20.Nxd2 
Na4 21.Nc4 Bd5 22.Nd6 Bxa2 23.Nc8 Nxb2 24.Nxa7 Na4 25.Nb5 Kf8 26.Kf1 Ke7 
27.Ke1 Bd5 28.g3 e5 29.Kd2 f6 30.Nc7 Bf7 31.Na8 Kd6 32.Bb5 Bd5 33.Bxa4 
Bxa8 34.Bb3 Bd5 35.Bc2 h6 36.Bd3 e4 37.Be2 Ke5 38.Ke3 f5 39.Bh5 g5 40.Be2 
f4+ 41.Kd2 Kd6 42.Bh5 Kc5 43.Be2 Bc4 44.Bg4 Bf7 45.Be2 Bg6 46.Bf1 Bh5 47.
Bg2 Kd5 48.Bf1 Bf3 49.Ba6 h5 50.Bb5 h4 51.Ba6 Kc5 52.Bf1 e3+ 53.fxe3 hxg3 
54.hxg3 0-1

[Event "IV Weekend"]
[Site "Porto Sant'Elpidio ITA"]
[Date "2001.11.01"]
[Round "1"]
[White "Di Giovanni, Isidoro"]
[Black "Bonoli, Luciano"]
[Result "1/2-1/2"]
[WhiteElo "1540"]
[BlackElo "1723"]
[PlyCount "115"]
[EventDate "2001.11.01"]

1.e4 d6 2.Nc3 Nf6 3.Bc4 c6 4.Nf3 g6 5.d4 Bg7 6.Be3 Bg4 7.e5 dxe5 8.Bxf7+ 
Kf8 9.dxe5 Qxd1+ 10.Rxd1 Bxf3 11.exf6 Bxf6 12.gxf3 Kxf7 13.O-O h6 14.Rd3 
b6 15.Rfd1 Na6 16.a3 Nc5 17.Bxc5 bxc5 18.b3 Rab8 19.Ne4 c4 20.bxc4 Rb2 21.
Nxf6 Kxf6 22.R1d2 Rhb8 23.Re2 R8b7 24.Rde3 R2b6 25.Re6+ Kf7 26.Kg2 c5 27.
R6e5 Rc7 28.h4 Ra6 29.R2e3 Rd6 30.h5 g5 31.Rf5+ Rf6 32.Rd5 Rf4 33.Re4 Kf6 
34.Rxf4+ gxf4 35.Kh3 e6 36.Rd1 Rg7 37.Rd6 Rg5 38.Kh4 Rg2 39.Rd2 Kf5 40.Kh3
Rg5 41.Rd6 Rxh5+ 42.Kg2 a5 43.Ra6 Ke5 44.Rxa5 Kd4 45.Ra8 Rg5+ 46.Kf1 h5 
47.a4 Kxc4 48.a5 Kb5 49.a6 Kb6 50.a7 Kb7 51.Re8 Kxa7 52.Rxe6 Rf5 53.Kg2 
Kb7 54.Kh3 Rd5 55.Kh4 Rd2 56.Kxh5 Rxc2 57.Kg4 Rxf2 58.Kxf4 1/2-1/2

[Event "IV Weekend"]
[Site "Porto Sant'Elpidio ITA"]
[Date "2001.11.01"]
[Round "1"]
[White "Fioravanti, Emidio"]
[Black "Trancanelli, Claudio"]
[Result "1-0"]
[WhiteElo "1720"]
[BlackElo "1530"]
[PlyCount "59"]
[EventDate "2001.11.01"]

1.e4 e5 2.Bc4 Nf6 3.d3 Be7 4.f4 d6 5.Nf3 exf4 6.Bxf4 Be6 7.Qe2 Bxc4 8.dxc4
Nc6 9.Nc3 O-O 10.O-O-O Nd7 11.h4 Bf6 12.Nd5 Re8 13.Ng5 Nce5 14.Qh5 h6 15.
Ne3 Ng6 16.g3 hxg5 17.hxg5 Be5 18.Qh7+ Kf8 19.Nf5 Ne7 20.Qh8+ Ng8 21.Bxe5 
Rxe5 22.Qxg7+ Ke8 23.Qxg8+ Nf8 24.Qxf8+ Kd7 25.Rxd6+ cxd6 26.Qxd6+ Kc8 27.
Qxe5 Qxg5+ 28.Kb1 b6 29.Ne7+ Kb7 30.Qxg5 1-0

[Event "IV Weekend"]
[Site "Porto Sant'Elpidio ITA"]
[Date "2001.11.01"]
[Round "1"]
[White "Foglia, Maurizio"]
[Black "Gasparroni, Daniele"]
[Result "1-0"]
[WhiteElo "2096"]
[BlackElo "1600"]
[PlyCount "43"]
[EventDate "2001.11.01"]

1.e4 c5 2.c3 Nf6 3.e5 Nd5 4.d4 cxd4 5.cxd4 e6 6.Nc3 Nxc3 7.bxc3 d6 8.exd6 
Qxd6 9.Nf3 Nd7 10.Bd3 g6 11.O-O Bg7 12.a4 Qc6 13.Bb5 Qxc3 14.Bd2 Qc7 15.
Bb4 a6 16.Rc1 Qb8 17.Bxd7+ Bxd7 18.Re1 Bc6 19.d5 Bd7 20.dxe6 fxe6 21.Qd5 
b5 22.Rxe6+ 1-0

[Event "IV Weekend"]
[Site "Porto Sant'Elpidio ITA"]
[Date "2001.11.01"]
[Round "1"]
[White "Forani, Sandro"]
[Black "Giobbi, Costantino"]
[Result "0-1"]
[WhiteElo "1446"]
[BlackElo "1686"]
[PlyCount "72"]
[EventDate "2001.11.01"]

1.e4 c5 2.Nf3 e6 3.d4 cxd4 4.Nxd4 a6 5.Bd3 Qc7 6.Nc3 Nc6 7.a3 Nxd4 8.Be3 
Nc6 9.Qf3 Nf6 10.Qe2 Be7 11.O-O O-O 12.f4 d6 13.Nd1 b5 14.c3 Bb7 15.Nf2 
Na5 16.Bc2 Nc4 17.Bd4 e5 18.fxe5 dxe5 19.b3 exd4 20.bxc4 Qxc4 21.Qxc4 bxc4
22.cxd4 Rab8 23.d5 Bc5 24.a4 Ng4 25.d6 Nxf2 26.Rxf2 Bxf2+ 27.Kxf2 Bc6 28.
Ra2 c3 29.Ke3 Rb2 30.Rxb2 cxb2 31.a5 Rb8 32.Bb1 Rb5 33.Kd4 Kf8 34.g4 Rxa5 
35.e5 Ra1 36.Bxh7 g6 0-1

[Event "IV Weekend"]
[Site "Porto Sant'Elpidio ITA"]
[Date "2001.11.01"]
[Round "1"]
[White "Gianfelici, Edoardo"]
[Black "Spinosa, Giovanni"]
[Result "0-1"]
[WhiteElo "1470"]
[BlackElo "1717"]
[PlyCount "82"]
[EventDate "2001.11.01"]

1.e4 c5 2.Nf3 d6 3.Bb5+ Nd7 4.e5 a6 5.Bxd7+ Bxd7 6.exd6 exd6 7.O-O Be7 8.
Re1 Nf6 9.Qe2 h6 10.b3 Be6 11.d4 O-O 12.Nc3 Re8 13.Bb2 Rc8 14.Rad1 d5 15.
dxc5 Bxc5 16.Na4 Bb4 17.c3 Bg4 18.Qd3 Bf8 19.Rxe8 Qxe8 20.Re1 Qd8 21.Ne5 
b5 22.Nxg4 Nxg4 23.h3 Nf6 24.Qd4 bxa4 25.Qxa4 Qb6 26.Re3 Qb5 27.Qh4 Qb6 
28.Rg3 Kh7 29.c4 dxc4 30.Bxf6 Qxf6 31.Qg4 Qe6 32.bxc4 Rxc4 33.Qxe6 fxe6 
34.Rf3 Bc5 35.Kh2 Rc2 36.a3 Rxf2 37.Rc3 Rf5 38.Rc4 Bxa3 39.Ra4 Bd6+ 40.Kg1
a5 41.Rd4 Bc5 0-1

[Event "IV Weekend"]
[Site "Porto Sant'Elpidio ITA"]
[Date "2001.11.01"]
[Round "1"]
[White "Graziani, Claudio"]
[Black "Basso, Fabrizio"]
[Result "1-0"]
[WhiteElo "1855"]
[BlackElo "1575"]
[PlyCount "35"]
[EventDate "2001.11.01"]

1.e4 e5 2.Nf3 Nc6 3.d4 exd4 4.Nxd4 Bc5 5.Be3 Qf6 6.Nb5 Bxe3 7.fxe3 Qh4+ 8.
g3 Qd8 9.Qg4 Kf8 10.Qf4 d6 11.N1c3 a6 12.Nd4 Ne5 13.O-O-O Ne7 14.Be2 N7g6 
15.Qf2 Ng4 16.Bxg4 Bxg4 17.h3 Bxd1 18.Ne6+ 1-0

[Event "IV Weekend"]
[Site "Porto Sant'Elpidio ITA"]
[Date "2001.11.01"]
[Round "1"]
[White "Marinucci, Johnny"]
[Black "Iaconi, Andrea"]
[Result "1/2-1/2"]
[WhiteElo "1401"]
[BlackElo "1650"]
[PlyCount "71"]
[EventDate "2001.11.01"]

1.d4 d5 2.Nf3 e6 3.Bf4 Nf6 4.Nbd2 Bd6 5.Ne5 O-O 6.e3 Nbd7 7.Bd3 c5 8.c3 
cxd4 9.exd4 Qc7 10.Ndf3 Bxe5 11.dxe5 Ne4 12.Qe2 Ndc5 13.Nd4 Nxd3+ 14.Qxd3 
a6 15.O-O f6 16.Nf3 Qc4 17.Qxc4 dxc4 18.exf6 gxf6 19.Rfe1 Nc5 20.Bd6 Nd3 
21.Bxf8 Nxe1 22.Rxe1 Kxf8 23.Rd1 Ke7 24.Nd2 b5 25.Ne4 Bb7 26.Nc5 Bd5 27.b3
cxb3 28.axb3 f5 29.b4 a5 30.bxa5 Rxa5 31.Nd3 Ra3 32.Rc1 Ra2 33.Nb4 Rd2 34.
Nxd5+ Rxd5 35.g3 Rc5 36.Rb1 1/2-1/2

[Event "IV Weekend"]
[Site "Porto Sant'Elpidio ITA"]
[Date "2001.11.01"]
[Round "1"]
[White "Morici, Marco"]
[Black "Bruno, Fabio"]
[Result "0-1"]
[WhiteElo "1627"]
[BlackElo "2264"]
[PlyCount "64"]
[EventDate "2001.11.01"]

1.c4 e6 2.Nc3 c5 3.Nf3 Nf6 4.d4 cxd4 5.Nxd4 Qc7 6.e3 a6 7.Be2 Be7 8.O-O 
O-O 9.Bd2 b6 10.Rc1 Bb7 11.b3 Ba3 12.Rc2 Ne4 13.Bc1 Be7 14.Bf3 f5 15.Bb2 
Bf6 16.Nde2 Nc5 17.Bxb7 Qxb7 18.Ng3 Nc6 19.Rd2 b5 20.Qc1 Ne5 21.Rfd1 bxc4 
22.Ba3 Ncd3 23.Qc2 Rfc8 24.bxc4 Nxc4 25.Rxd3 Nxa3 26.Qd2 d5 27.Na4 Nc4 28.
Qe1 Qb5 29.Nc3 Qa5 30.Rb1 Rab8 31.Nce2 Qxa2 32.Ra1 Qxa1 0-1

[Event "IV Weekend"]
[Site "Porto Sant'Elpidio ITA"]
[Date "2001.11.01"]
[Round "1"]
[White "Rinaudo, Andrea"]
[Black "Sanzani, Pierluigi"]
[Result "1-0"]
[WhiteElo "1822"]
[BlackElo "1573"]
[PlyCount "99"]
[EventDate "2001.11.01"]

1.e4 c5 2.Nf3 Nc6 3.d4 cxd4 4.Nxd4 e6 5.Be2 a6 6.O-O Qc7 7.c4 Nf6 8.Nc3 
Be7 9.a3 O-O 10.b4 Qe5 11.Nxc6 dxc6 12.Qc2 Qc7 13.Be3 e5 14.Na4 Be6 15.Bb6
Qc8 16.Rfd1 Nd7 17.Qc3 Qe8 18.Be3 b5 19.Nb2 Rc8 20.a4 c5 21.bxc5 Nxc5 22.
axb5 axb5 23.cxb5 Nxe4 24.Qxe5 Nc3 25.Rd2 Bf6 26.Qh5 Nxe2+ 27.Qxe2 Bxb2 
28.Rxb2 Bc4 29.Qh5 f5 30.Qxe8 Rfxe8 31.b6 Rb8 32.h3 Rb7 33.Ra5 g6 34.Rc5 
Ba6 35.Rc6 Kf7 36.Rd2 Ree7 37.Kh2 Bb5 38.Rc8 Re8 39.Rxe8 Bxe8 40.Kg3 Bc6 
41.Rd6 Bb5 42.Kf4 Bf1 43.Kg3 Bb5 44.h4 Bf1 45.Kf3 Bb5 46.Kf4 Bf1 47.g3 Bb5
48.Kg5 Bc4 49.h5 Ke7 50.Bc5 1-0

[Event "IV Weekend"]
[Site "Porto Sant'Elpidio ITA"]
[Date "2001.11.01"]
[Round "1"]
[White "Rinaudo, Claudio"]
[Black "Fratini, Mauro"]
[Result "1-0"]
[WhiteElo "1696"]
[BlackElo "1455"]
[PlyCount "61"]
[EventDate "2001.11.01"]

1.d4 d5 2.Nf3 Nf6 3.e3 Bf5 4.Bd3 Bg6 5.O-O e6 6.b3 c6 7.Bb2 Nbd7 8.c4 Bxd3
9.Qxd3 h6 10.Nbd2 Bd6 11.e4 dxe4 12.Nxe4 Nxe4 13.Qxe4 Nf6 14.Qe3 O-O 15.
Ne5 Rc8 16.Rfd1 Qc7 17.g3 Rcd8 18.Rd3 Bxe5 19.dxe5 Rxd3 20.Qxd3 Ng4 21.Qe4
h5 22.Rd1 a6 23.Rd6 Nh6 24.Qd3 Qa5 25.a4 Ng4 26.h3 Nxe5 27.Qe2 Ng6 28.Rd7 
Qb6 29.Qc2 c5 30.Qxg6 fxg6 31.Rxg7+ 1-0

[Event "IV Weekend"]
[Site "Porto Sant'Elpidio ITA"]
[Date "2001.11.01"]
[Round "1"]
[White "Rinaudo, Sergio"]
[Black "Antei, Fabrizio"]
[Result "1-0"]
[WhiteElo "1768"]
[BlackElo "1564"]
[PlyCount "93"]
[EventDate "2001.11.01"]

1.d4 Nf6 2.Nf3 e6 3.e3 c5 4.c4 cxd4 5.exd4 Bb4+ 6.Bd2 Bxd2+ 7.Qxd2 O-O 8.
Bd3 d5 9.c5 Nc6 10.b4 a6 11.O-O Bd7 12.a4 Qc7 13.Qb2 Rfe8 14.Re1 Qf4 15.
Nbd2 h6 16.b5 axb5 17.axb5 Rxa1 18.Rxa1 Ne7 19.Ne5 Nf5 20.Ndf3 Nh4 21.Nxh4
Qxh4 22.c6 bxc6 23.bxc6 Bc8 24.g3 Qh3 25.Qe2 h5 26.Ra8 h4 27.Qf3 hxg3 28.
hxg3 Qh6 29.Ra7 Rf8 30.Rc7 Qc1+ 31.Kg2 Qa1 32.Qf4 Qa5 33.Nxf7 Rxf7 34.
Rxc8+ Rf8 35.Rxf8+ Kxf8 36.Qd6+ Kf7 37.c7 Qc3 38.Qc5 Qxd3 39.c8=Q Qe4+ 40.
Kf1 Qb1+ 41.Qc1 Qd3+ 42.Kg1 Qxd4 43.Q1c7+ Kg6 44.Qxe6 Qd1+ 45.Kg2 d4 46.
Qef7+ Kf5 47.Qf4# 1-0

[Event "IV Weekend"]
[Site "Porto Sant'Elpidio ITA"]
[Date "2001.11.01"]
[Round "1"]
[White "Santurbano, Maria Vincenza"]
[Black "Cellucci, Davide"]
[Result "1-0"]
[WhiteElo "1657"]
[BlackElo "1401"]
[PlyCount "99"]
[EventDate "2001.11.01"]

1.d4 e6 2.c4 g6 3.Nf3 Bg7 4.Nc3 Nf6 5.e4 d6 6.Be2 O-O 7.O-O Re8 8.h3 b6 9.
Qc2 Bb7 10.e5 dxe5 11.dxe5 Nfd7 12.Rd1 c5 13.Nb5 Bf8 14.Bf4 Nc6 15.Qd2 a6 
16.Qxd7 Qxd7 17.Rxd7 axb5 18.Rxb7 bxc4 19.Bxc4 Na5 20.Rxb6 Nxc4 21.Rb5 
Red8 22.Rc1 Na5 23.Be3 Rd5 24.Bxc5 Bh6 25.Rc2 Bf4 26.Kf1 Bxe5 27.Nxe5 Rxe5
28.b4 Nb3 29.f4 Rxc5 30.Rbxc5 Nxc5 31.bxc5 Kf8 32.Ke2 Ra3 33.c6 Ra8 34.Kd3
Ke7 35.Kd4 Kd6 36.c7 Rc8 37.g4 f6 38.a4 Rxc7 39.Rxc7 Kxc7 40.Kc5 h6 41.h4 
g5 42.hxg5 hxg5 43.fxg5 fxg5 44.a5 Kb7 45.Kd6 Ka6 46.Kxe6 Kxa5 47.Kf5 Kb6 
48.Kxg5 Kc7 49.Kf6 Kd7 50.Kf7 1-0

[Event "IV Weekend"]
[Site "Porto Sant'Elpidio ITA"]
[Date "2001.11.01"]
[Round "1"]
[White "Silvestri, Giorgio"]
[Black "Fioravanti, Diego"]
[Result "0-1"]
[WhiteElo "1575"]
[BlackElo "1822"]
[PlyCount "58"]
[EventDate "2001.11.01"]

1.Nf3 d5 2.d4 Nf6 3.c4 g6 4.Bf4 Bg7 5.e3 O-O 6.Bd3 c5 7.h3 Nc6 8.O-O Be6 
9.Be5 dxc4 10.Be2 cxd4 11.Bxd4 Rc8 12.Nc3 Nxd4 13.Nxd4 Bd7 14.Qc2 e5 15.
Nf3 Qe7 16.e4 b5 17.a3 Bc6 18.Nd2 Rfd8 19.Rad1 Rd6 20.Ndb1 Rcd8 21.Rxd6 
Rxd6 22.f3 Nh5 23.Rd1 Bh6 24.Nd5 Rxd5 25.exd5 Qc5+ 26.Kh1 Ng3+ 27.Kh2 Bf4 
28.Bxc4 Bxd5 29.h4 bxc4 0-1

[Event "IV Weekend"]
[Site "Porto Sant'Elpidio ITA"]
[Date "2001.11.02"]
[Round "2"]
[White "Antei, Fabrizio"]
[Black "Gasparroni, Daniele"]
[Result "0-1"]
[WhiteElo "1564"]
[BlackElo "1600"]
[PlyCount "78"]
[EventDate "2001.11.01"]

1.d4 d5 2.Nf3 c5 3.c3 Nf6 4.Bf4 Nc6 5.e3 Bg4 6.Be2 Bxf3 7.Bxf3 e6 8.O-O 
Be7 9.Nd2 Rc8 10.Re1 Qb6 11.Qb3 Qxb3 12.axb3 a6 13.Bg5 Nb8 14.dxc5 Rxc5 
15.b4 Rc8 16.Nb3 Nbd7 17.Na5 Rc7 18.Nb3 O-O 19.Nd4 Bd6 20.b5 Ra8 21.bxa6 
bxa6 22.Nb5 Rc6 23.Nxd6 Rxd6 24.c4 Ne5 25.cxd5 Nxf3+ 26.gxf3 Nxd5 27.Red1 
f6 28.Bh4 Rad8 29.Bg3 e5 30.e4 Nb4 31.Rxd6 Rxd6 32.f4 exf4 33.Bxf4 Re6 34.
Bd2 Nd3 35.Bc3 Rxe4 36.Rxa6 Re2 37.b4 Rc2 38.Ra3 Nf4 39.b5 Rc1+ 0-1

[Event "IV Weekend"]
[Site "Porto Sant'Elpidio ITA"]
[Date "2001.11.02"]
[Round "2"]
[White "Basso, Fabrizio"]
[Black "Gianfelici, Edoardo"]
[Result "1-0"]
[WhiteElo "1575"]
[BlackElo "1470"]
[PlyCount "37"]
[EventDate "2001.11.01"]

1.e4 e6 2.d4 d5 3.Nc3 Nf6 4.Bg5 Be7 5.e5 Nfd7 6.Bxe7 Qxe7 7.f4 c5 8.Nf3 
Nc6 9.Be2 cxd4 10.Nxd4 Nxd4 11.Qxd4 Qh4+ 12.g3 Qe7 13.Nb5 Nc5 14.Nd6+ Kf8 
15.Qxc5 b6 16.Qc6 Qd7 17.Bb5 Ke7 18.Nxc8+ Qxc8 19.Qd6# 1-0

[Event "IV Weekend"]
[Site "Porto Sant'Elpidio ITA"]
[Date "2001.11.02"]
[Round "2"]
[White "Bastarelli, Giuseppe"]
[Black "Rinaudo, Claudio"]
[Result "1-0"]
[WhiteElo "1914"]
[BlackElo "1696"]
[PlyCount "89"]
[EventDate "2001.11.01"]

1.e4 c6 2.d4 d5 3.Nc3 dxe4 4.Nxe4 Nd7 5.Ng5 Ngf6 6.Bc4 e6 7.Qe2 Nb6 8.Bb3 
Bd7 9.N1f3 h6 10.Ne4 Nxe4 11.Qxe4 Qc7 12.Ne5 Nd5 13.Bd2 a5 14.a4 Qd6 15.
Rd1 Be7 16.c4 Nf6 17.Qe2 b6 18.Bc3 Qc7 19.d5 cxd5 20.cxd5 exd5 21.Nxd7 
Nxd7 22.Bxg7 Rg8 23.Bxd5 Rc8 24.Bc3 Kf8 25.O-O Nf6 26.Bf3 Re8 27.Rfe1 Bd6 
28.Qb5 Bxh2+ 29.Kf1 Rxe1+ 30.Rxe1 Nd7 31.Qe2 Qd8 32.g3 Nc5 33.Kg2 Nd3 34.
Rd1 Bxg3 35.Qxd3 Bh2+ 36.Kf1 Rg1+ 37.Ke2 Qe8+ 38.Qe3 Qxe3+ 39.Kxe3 Rg6 40.
Rd7 Re6+ 41.Kd3 Ke8 42.Rb7 Bg1 43.Bd4 Rd6 44.Kc4 Rd8 45.Bd5 1-0

[Event "IV Weekend"]
[Site "Porto Sant'Elpidio ITA"]
[Date "2001.11.02"]
[Round "2"]
[White "Bonoli, Luciano"]
[Black "Marinucci, Johnny"]
[Result "1-0"]
[WhiteElo "1723"]
[BlackElo "1401"]
[PlyCount "43"]
[EventDate "2001.11.01"]

1.d4 Nf6 2.Nf3 d5 3.e3 Bf5 4.b3 e6 5.Bb2 h6 6.Nbd2 Be7 7.Ne5 O-O 8.c4 Nbd7
9.cxd5 exd5 10.Nxd7 Qxd7 11.Be2 c6 12.O-O Rfe8 13.Nf3 Bd6 14.Bd3 Ne4 15.
Qc2 Qc7 16.Rac1 a5 17.h3 Qd7 18.Ne5 Qc8 19.f3 Bxh3 20.fxe4 f6 21.Rf3 dxe4 
22.Bxe4 1-0

[Event "IV Weekend"]
[Site "Porto Sant'Elpidio ITA"]
[Date "2001.11.02"]
[Round "2"]
[White "Cellucci, Davide"]
[Black "Silvestri, Giorgio"]
[Result "0-1"]
[WhiteElo "1401"]
[BlackElo "1575"]
[PlyCount "79"]
[EventDate "2001.11.01"]

1.e4 d5 2.e5 c5 3.d4 cxd4 4.Qxd4 a6 5.Nf3 Nc6 6.Qd1 Bg4 7.c3 Bxf3 8.Qxf3 
Nxe5 9.Qd1 Nc6 10.Be3 e5 11.g3 Nf6 12.Bg2 Be7 13.O-O O-O 14.Re1 h6 15.Nd2 
Qc7 16.Nb3 Rad8 17.Qe2 Rfe8 18.Rad1 Bf8 19.Kh1 Qc8 20.h3 Qc7 21.a4 Na5 22.
Qc2 Nc4 23.Bc1 a5 24.Qf5 Qb6 25.Qc2 Qc6 26.Nd2 Nb6 27.b3 Qc7 28.Nb1 Rc8 
29.Qf5 Re6 30.Bb2 g6 31.Qc2 Rce8 32.Qe2 e4 33.Qb5 e3 34.f4 Nh5 35.Kh2 e2 
36.Rd2 Nxf4 37.gxf4 Qxf4+ 38.Kh1 Bd6 39.Kg1 Qh2+ 40.Kf2 0-1

[Event "IV Weekend"]
[Site "Porto Sant'Elpidio ITA"]
[Date "2001.11.02"]
[Round "2"]
[White "Fioravanti, Diego"]
[Black "Santurbano, Maria Vincenza"]
[Result "1-0"]
[WhiteElo "1822"]
[BlackElo "1657"]
[PlyCount "53"]
[EventDate "2001.11.01"]

1.e4 e5 2.Nf3 Nc6 3.Bb5 a6 4.Ba4 Nf6 5.O-O Be7 6.Re1 b5 7.Bb3 d6 8.c3 O-O 
9.h3 Bb7 10.d4 Re8 11.Ng5 Rf8 12.Nf3 Re8 13.Nbd2 h6 14.Nf1 Bf8 15.Ng3 g6 
16.Nh4 Ne7 17.Qf3 Bg7 18.Bxh6 Rf8 19.Bg5 Nc6 20.Nxg6 Re8 21.Nh5 Na5 22.
Nxf6+ Bxf6 23.Bxf6 Nxb3 24.Bxd8 Raxd8 25.axb3 fxg6 26.Qf6 Kh7 27.dxe5 1-0

[Event "IV Weekend"]
[Site "Porto Sant'Elpidio ITA"]
[Date "2001.11.02"]
[Round "2"]
[White "Fratini, Mauro"]
[Black "Cecannecchia, Gianluca"]
[Result "1-0"]
[WhiteElo "1455"]
[BlackElo "1576"]
[PlyCount "67"]
[EventDate "2001.11.01"]

1.d4 d5 2.Nf3 Nf6 3.Bf4 Bf5 4.e3 e6 5.c3 Bd6 6.Ne5 h6 7.Nd2 O-O 8.Bg3 Nbd7
9.f4 Ne4 10.Nxe4 Bxe4 11.Nf3 c5 12.Be2 Rc8 13.O-O Nb6 14.Nd2 Bh7 15.a4 
cxd4 16.exd4 Re8 17.Qe1 a6 18.Bh4 Qd7 19.a5 Nc4 20.Nxc4 dxc4 21.Qg3 Qb5 
22.Bf6 Bf8 23.Ra2 Kh8 24.Be5 f6 25.Bh5 Red8 26.Bxf6 gxf6 27.Bf7 Qd7 28.Bh5
Qg7 29.Qe3 Re8 30.Rf3 Bg6 31.Rg3 Kh7 32.Rxg6 Qxg6 33.Bxg6+ Kxg6 34.Qe4+ 
1-0

[Event "IV Weekend"]
[Site "Porto Sant'Elpidio ITA"]
[Date "2001.11.02"]
[Round "2"]
[White "Giobbi, Costantino"]
[Black "Graziani, Claudio"]
[Result "0-1"]
[WhiteElo "1686"]
[BlackElo "1855"]
[PlyCount "110"]
[EventDate "2001.11.01"]

1.e4 c5 2.Nf3 d6 3.d4 cxd4 4.Nxd4 Nf6 5.Nc3 a6 6.Be2 e6 7.O-O Be7 8.Be3 
O-O 9.f4 Nc6 10.Kh1 Qc7 11.Qe1 Nxd4 12.Bxd4 b5 13.a3 Bb7 14.Qg3 Rad8 15.
Rad1 Bc6 16.Bf3 Qb7 17.e5 dxe5 18.fxe5 Ne4 19.Nxe4 Bxe4 20.c3 Bxf3 21.Rxf3
Rd5 22.Qg4 Qd7 23.Rg3 g6 24.Rf1 Bc5 25.Bxc5 Rxc5 26.Qf4 f5 27.Re1 Rd8 28.
Rge3 Qd2 29.Qh4 Qd7 30.h3 Rd5 31.Kh2 Rf8 32.Rf3 Qd8 33.Qxd8 Rfxd8 34.Rfe3 
Kf7 35.Kg3 g5 36.Kf3 Kg6 37.g4 f4 38.Re4 Rd3+ 39.Kg2 Rg3+ 40.Kf2 Rxh3 41.
Rd4 Rd3 42.Rxd8 Rxd8 43.Re2 h5 44.gxh5+ Kxh5 45.Kf3 Kg6 46.Ke4 Rc8 47.Rd2 
Rc4+ 48.Rd4 Rxd4+ 49.cxd4 Kf7 50.b4 Ke7 51.Kf3 Kd7 52.Ke4 Kc6 53.d5+ exd5+
54.Kf5 f3 55.e6 f2 0-1

[Event "IV Weekend"]
[Site "Porto Sant'Elpidio ITA"]
[Date "2001.11.02"]
[Round "2"]
[White "Iaconi, Andrea"]
[Black "Di Giovanni, Isidoro"]
[Result "1/2-1/2"]
[WhiteElo "1650"]
[BlackElo "1540"]
[PlyCount "82"]
[EventDate "2001.11.01"]

1.e4 g6 2.d4 d6 3.Nf3 Bg7 4.Be2 a6 5.Nc3 b5 6.a3 Bb7 7.Be3 Nf6 8.e5 dxe5 
9.dxe5 Qxd1+ 10.Rxd1 Ng4 11.Bf4 Nc6 12.e6 fxe6 13.Bxc7 O-O 14.O-O h6 15.h3
Nge5 16.Nxe5 Nxe5 17.Bxe5 Bxe5 18.Bg4 Bd5 19.Nxd5 exd5 20.Be6+ Kg7 21.Bxd5
Rad8 22.c3 Kf6 23.Bf3 a5 24.Rxd8 Rxd8 25.Rd1 Rxd1+ 26.Bxd1 b4 27.cxb4 axb4
28.axb4 Bxb2 29.Kf1 Ba3 30.b5 Bc5 31.Bf3 Ke5 32.Ke2 Kd4 33.Bc6 e5 34.Kf3 
Kd3 35.Be4+ Kc4 36.Bxg6 Kxb5 37.Ke4 Bxf2 38.Kxe5 Kc5 39.Kf5 Kd4 40.Kg4 Ke5
41.Kh5 Be3 1/2-1/2

[Event "IV Weekend"]
[Site "Porto Sant'Elpidio ITA"]
[Date "2001.11.02"]
[Round "2"]
[White "Sanzani, Pierluigi"]
[Black "Forani, Sandro"]
[Result "1-0"]
[WhiteElo "1573"]
[BlackElo "1446"]
[PlyCount "57"]
[EventDate "2001.11.01"]

1.e4 c5 2.Nf3 d6 3.d4 cxd4 4.Nxd4 Nf6 5.Nc3 e6 6.Be3 a6 7.f3 Be7 8.Qd2 Qc7
9.g4 b5 10.O-O-O Bb7 11.g5 Nfd7 12.Bh3 Nc6 13.Bxe6 Nxd4 14.Bxd7+ Qxd7 15.
Bxd4 Rg8 16.Rhg1 Qe6 17.Kb1 Kd7 18.f4 g6 19.Rde1 Qc4 20.Bf6 a5 21.b3 Qc6 
22.Nd5 Rge8 23.Nxe7 Rxe7 24.Bxe7 Kxe7 25.Qd4 Rg8 26.Qf6+ Ke8 27.e5 Bc8 28.
exd6+ Be6 29.Qe7# 1-0

[Event "IV Weekend"]
[Site "Porto Sant'Elpidio ITA"]
[Date "2001.11.02"]
[Round "2"]
[White "Spinosa, Giovanni"]
[Black "Foglia, Maurizio"]
[Result "0-1"]
[WhiteElo "1717"]
[BlackElo "2096"]
[PlyCount "58"]
[EventDate "2001.11.01"]

1.c4 c5 2.g3 g6 3.Bg2 Bg7 4.Nc3 Nc6 5.a3 a6 6.Rb1 Rb8 7.b4 cxb4 8.axb4 b5 
9.cxb5 axb5 10.Nf3 Nf6 11.O-O O-O 12.d4 Nh5 13.e4 d6 14.h3 e5 15.Be3 f5 
16.exf5 Bxf5 17.Qb3+ Kh8 18.Rbd1 Bxh3 19.Bxh3 Rxf3 20.Bg2 Rxe3 21.fxe3 
exd4 22.Bxc6 dxc3 23.g4 Qg5 24.Qe6 Be5 25.Rf3 Ng7 26.Qd7 Nf5 27.Kf2 Qxg4 
28.Rh1 Bg3+ 29.Ke2 Qc4+ 0-1

[Event "IV Weekend"]
[Site "Porto Sant'Elpidio ITA"]
[Date "2001.11.02"]
[Round "2"]
[White "Todic, Simo"]
[Black "Rinaudo, Andrea"]
[Result "0-1"]
[WhiteElo "1645"]
[BlackElo "1822"]
[PlyCount "94"]
[EventDate "2001.11.01"]

1.c4 e5 2.Nc3 f5 3.g3 Nf6 4.Bg2 d6 5.Nf3 Nc6 6.O-O g6 7.Rb1 Be6 8.d3 Bg7 
9.b4 Qc8 10.b5 Ne7 11.Bg5 h6 12.Bd2 O-O 13.Qc1 Kh7 14.a4 Qd7 15.Qc2 Rab8 
16.Rfc1 Rfc8 17.Qd1 Ng4 18.h3 Nf6 19.Kh2 Nh5 20.Be3 c5 21.Bd2 Rf8 22.e3 
Nf6 23.Qe2 g5 24.Rf1 Ng6 25.Rbe1 e4 26.dxe4 fxe4 27.Ng1 Qf7 28.Nxe4 Bxc4 
29.Nxd6 Bxe2 30.Nxf7 Bxf1 31.Nxg5+ hxg5 32.Rxf1 Rbd8 33.Nf3 Ne4 34.Bc1 b6 
35.Kg1 Bf6 36.Nh2 Nc3 37.Ng4 Ne2+ 38.Kh2 Nxc1 39.Rxc1 Rd2 40.Rc4 Ne5 41.
Nxe5 Bxe5 42.f4 gxf4 43.exf4 Bxf4 44.Rxf4 Rxf4 45.gxf4 c4 46.Kg3 Rxg2+ 47.
Kxg2 c3 0-1